No one sleeps in Alexandria / (Record no. 11738)

MARC details
000 -LEADER
fixed length control field 01148cam a2200337 a 4500
001 - CONTROL NUMBER
control field 12704913
003 - CONTROL NUMBER IDENTIFIER
control field EG-ScBUE
005 - DATE AND TIME OF LATEST TRANSACTION
control field 20220307105256.0
008 - FIXED-LENGTH DATA ELEMENTS--GENERAL INFORMATION
fixed length control field 020207s2006 ua f 000 1 eng d
020 ## - INTERNATIONAL STANDARD BOOK NUMBER
International Standard Book Number 9789774249617
035 ## - SYSTEM CONTROL NUMBER
System control number (DLC) 2002360480
040 ## - CATALOGING SOURCE
Original cataloging agency DLC
Language of cataloging eng
Description conventions rda
Transcribing agency DLC
Modifying agency DLC
-- EG-ScBUE
041 1# - LANGUAGE CODE
Language code of text/sound track or separate title eng
Language code of original and/or intermediate translations of text ara
082 04 - DEWEY DECIMAL CLASSIFICATION NUMBER
Classification number 892.736
Edition number 22
Item number MEG
100 1# - MAIN ENTRY--PERSONAL NAME
Personal name ʻAbd al-Majīd, Ibrāhīm,
Relator term author.
9 (RLIN) 5802
245 10 - TITLE STATEMENT
Title No one sleeps in Alexandria /
Statement of responsibility, etc Ibrahim Abdel Meguid ; translated by Farouk Abdel Wahab.
264 #1 - PUBLICATION, DISTRIBUTION, ETC. (IMPRINT)
Place of publication, distribution, etc Cairo :
Name of publisher, distributor, etc The American University in Cairo Press,
Date of publication, distribution, etc 2006.
300 ## - PHYSICAL DESCRIPTION
Extent 354 pages ;
Dimensions 24 cm.
336 ## - CONTENT TYPE
Source rdacontent
Content type term text
Content type code txt
337 ## - MEDIA TYPE
Source rdamedia
Media type term unmediated
Media type code n
338 ## - CARRIER TYPE
Source rdacarrier
Carrier type term volume
Carrier type code nc
490 0# - SERIES STATEMENT
Series statement a Modern Arabic novel
546 ## - LANGUAGE NOTE
Language note Text in English ; translated from Arabic.
650 #7 - SUBJECT ADDED ENTRY--TOPICAL TERM
Topical term or geographic name as entry element Arabic fiction
General subdivision Translations into English.
Source of heading or term BUEsh
651 ## - SUBJECT ADDED ENTRY--GEOGRAPHIC NAME
Source of heading or term BUEsh
653 ## - INDEX TERM--UNCONTROLLED
Resource For college Arabic Literature
Arrived date list March2022
655 ## - INDEX TERM--GENRE/FORM
Form subdivision Reading book
9 (RLIN) 34232
700 1# - ADDED ENTRY--PERSONAL NAME
Personal name Abdel Wahab, Farouk,
Relator term translator.
9 (RLIN) 5803
942 ## - ADDED ENTRY ELEMENTS (KOHA)
Source of classification or shelving scheme Dewey Decimal Classification
Koha item type Book - Borrowing
Holdings
Withdrawn status Lost status Source of classification or shelving scheme Damaged status Not for loan Collection code Home library Current library Shelving location Date acquired Source of acquisition Cost, normal purchase price Serial Enumeration / chronology Total Checkouts Total Renewals Full call number Barcode Date last seen Date checked out Price effective from Koha item type
    Dewey Decimal Classification     AUC Central Library Central Library Second Floor 07/06/2009   60.00 4122 4 8 892.736 MEG 000016657 15/07/2025 21/02/2023 07/06/2009 Book - Borrowing